Taller de Leche

Bibliographic Details
Main Author: s.a
Format: Section = Libro
Language:Undetermined
Spanish
Published: México The Twentieth Century Fund 1990
Edition:2a.ed
Subjects:
LEADER 00495nam a2200205Ia 4500
008 240830s9999 xx 000 0 und d
020 |a 968-24-3740-7 
040 |a B-ESTELÍ- RUACS / 637 T148 
041 |a spa 
082 |a 637 T148 
100 1 |a s.a 
245 1 0 |a Taller de Leche 
250 |a 2a.ed 
260 |a México  |b The Twentieth Century Fund  |c 1990 
300 |a 111 p:il 
650 7 |a INDUSTRIA LECHERA 
650 7 |b  EQUIPOS Y APARATOS 
942 |c BK  |2 ddc 
991 |a TEXTO 
999 |c 11382